000
00261nam a2200109Ia 4500
008
200302s9999 xx 000 0 und d
100
_a
Maria Alessandra Segantini
245
_a
Contemporary Housing
260
_b
Skira Publication
260
_c
2008
300
_a
334
999
_c
4351
_d
4351